|
|
|
|
| LEADER |
00000nab a2200000 a 4500 |
| 001 |
vtls000759463 |
| 003 |
SK-MaSNL |
| 005 |
20260303184014.0 |
| 008 |
180205c2000 xo 0 slo |
| 015 |
|
|
|a SNBRB2001/06-17644
|
| 035 |
|
|
|a CLN000111250
|
| 040 |
|
|
|a SNKBUCL
|b slo
|c SNKBUCL
|e AACR2
|
| 041 |
0 |
|
|a slo
|
| 044 |
|
|
|a xo
|c SK
|
| 080 |
|
|
|a 329.14(437.6)SDĽ
|2 UDC-MRF-SK2
|
| 100 |
1 |
|
|a Cibula, Igor
|4 aut
|9 480499
|
| 245 |
1 |
0 |
|a SDĽ v osídlach klientelizmu
|c Igor Cibula
|
| 610 |
2 |
7 |
|a Strana demokratickej ľavice
|2 snkbucl
|9 165260
|
| 655 |
|
7 |
|a články z novín a časopisov
|2 snkbucl
|9 267496
|
| 773 |
0 |
|
|t Sme
|g Roč. 8, č. 279 (4.12.2000), s. 6
|
| 850 |
|
|
|a Slovenská národná knižnica v Martine
|
| 852 |
|
|
|a SNK
|b KIS3GCP
|
| 958 |
|
|
|a RBX
|
| 999 |
|
|
|c 2124313
|d 2126243
|